Kaspik mení ekonomickú mapu sveta

Bibliographic Details
Main Author: Novák, Jaromír, 1969- (Author)
Format: Article
Language:Slovak
PhysicalDescription:Mp. 1, tab. 1
ISSN:0862-9567
Subjects:

MARC

LEADER 00000nab a2200000 a 4500
001 vtls000640989
003 SK-MaSNL
005 20260304053550.0
008 140228c1997 xo 0 slo
015 |a SNBRB19rr/mm-uuuuu 
035 |a CL0641128 
040 |a SNKBUCL  |b slo  |c SNKBUCL  |e AACR2 
041 0 |a slo 
044 |a xo  |c SK 
080 |a 622.692(498):553.982(262.81)  |2 1981 
080 |a 553.982(262.81)  |2 1981 
100 1 |a Novák, Jaromír,  |d 1969-  |4 aut  |9 193910 
245 1 0 |a Kaspik mení ekonomickú mapu sveta  |c Jaromír Novák 
300 |b Mp. 1, tab. 1 
650 0 7 |a ropa  |2 snkbucl  |9 14547 
650 0 7 |a preprava  |2 snkbucl  |9 770388 
651 7 |a Rumunsko  |2 snkbucl  |9 17409 
651 7 |a Kaspické more  |2 snkbucl  |9 22025 
655 7 |a články z novín a časopisov  |2 snkbucl  |9 267496 
773 0 |t Hospodárske noviny  |g Roč. 5, č. 193 (9. 10. 1997), s. 14  |x 0862-9567 
850 |a Slovenská národná knižnica v Martine  |a MTA001 
852 |a SNK  |b KIS3GCP 
958 |a RO 
958 |a RK 
992 |a RBX 
999 |c 2714049  |d 2715979